| 000 | 00729nam a22002177a 4500 | ||
|---|---|---|---|
| 003 | OSt | ||
| 005 | 20230119151735.0 | ||
| 008 | 221006b |||||||| |||| 00| 0 eng d | ||
| 040 | _cBiblioteca Lado V | ||
| 082 |
_a708 _bC115a |
||
| 110 |
_9588 _aCabildo de Lanzaronte _eautor |
||
| 245 |
_aEl Almacen/ _bUna Reflexión/ |
||
| 260 |
_bGalerÃa el Aljibe _aCanarias _c2002 |
||
| 300 |
_a111p. _c21x30cm |
||
| 650 |
_2Tesauro de Arte & Arquitectura _aRECOPILACION |
||
| 650 |
_2Tesauro de Arte & Arquitectura _aHOMENAJE |
||
| 650 |
_2Tesauro de Arte & Arquitectura _aARTE |
||
| 650 |
_2Tesauro de Arte & Arquitectura _aEXHIBICION |
||
| 700 |
_aFitzsimmons, Claire _eeditor |
||
| 942 |
_2ddc _c1 _h708 _iC115a _n0 |
||
| 999 |
_c2848 _d2848 |
||